The Nile File: World's Longest River/ (Record no. 188941)

MARC details
000 -LEADER
fixed length control field 00570nam a2200181 4500
005 - DATE AND TIME OF LATEST TRANSACTION
control field 20220608105913.0
010 ## - LCCN (DPL NO)
LC control number ENG-133118
020 ## - INTERNATIONAL STANDARD BOOK NUMBER
International Standard Book Number 9788193115328
Terms of availability 650.00
035 ## - SYSTEM CONTROL NUMBER
System control number EN-116650
037 ## - SOURCE OF ACQUISITION
Source of stock number/acquisition DBAD/PUB
082 ## - DEWEY DECIMAL CLASSIFICATION NUMBER
Classification number 962.055092
100 ## - MAIN ENTRY--PERSONAL NAME
Personal name Malhotra, Nishant
245 ## - TITLE STATEMENT
Title The Nile File: World's Longest River/
Statement of responsibility, etc Nishant Malhotra
260 ## - PUBLICATION, DISTRIBUTION, ETC. (IMPRINT)
Place of publication, distribution, etc Mumbai
Name of publisher, distributor, etc Jyoti Publication
Date of publication, distribution, etc 2018
270 ## - ADDRESS
Address 4/121 Frances Seth Chawl Society Road Irla, Vile Parle West
City Mumbai
Postal code 400056
300 ## - PHYSICAL DESCRIPTION
Extent 175p.
Dimensions 20cm(pbk)
942 ## - ADDED ENTRY ELEMENTS (KOHA)
Source of classification or shelving scheme Dewey Decimal Classification
Item type English Books
Classification part 962.055092
Call number suffix MAL
Holdings
Withdrawn status Lost status Not for loan Collection code Home library Current library Date acquired Source of acquisition Cost, normal purchase price Full call number Barcode Copy number Cost, replacement price Koha item type
      Non-fiction Ashok Vihar Ashok Vihar 08/06/2022 DBAD/PUB 650.00 962.055092 MAL EN-116650 1 650.00 English Books

© Delhi Public Library
Hit Counter
free hit counter